| 000 | 02931nam0a2200493 4500 | ||
|---|---|---|---|
| 001 | RU\NLR\bibl\807679 | ||
| 005 | 20260407111452.0 | ||
| 021 |
_aRU _b2005-6212 _9318 |
||
| 035 | _aRSL-KNO-002568973 | ||
| 035 | _a(NLR Aleph) 000796777 | ||
| 090 |
_a1156003 _c1156003 |
||
| 100 | _a20050216d2004 |||y0rusy50 ca | ||
| 101 | 0 | _arus | |
| 102 | _aRU | ||
| 105 | _aa ||||||||| | ||
| 106 | _ar | ||
| 200 | 1 |
_aИспользование лазерной технологии в животноводстве _e(круп. рогатый скот) _e[монография _fГ.Н. Вяйзенен, Г.А. Вяйзенен, А.А. Федотов] _gМ-во образования Рос. Федерации, Новгор. гос. ун-т им. Ярослава Мудрого |
|
| 210 |
_aВеликий Новгород _cНовгород _cНовГУ _d2004 _gООО Печ. двор Новгород |
||
| 215 |
_a311 с. _cил. _d21 |
||
| 300 | _aНа 4-й с. 1-й авт.: д.с.-х.н., проф. Вяйзенен Г.Н. | ||
| 300 | _aАвт. указаны на обл. | ||
| 320 | _aБиблиогр.: с. 295-306 (150 назв.) | ||
| 320 | _aДр. произведения 1-го авт.: с. 4-7 | ||
| 606 | 1 |
_aКрупный рогатый скот _xВлияние лазерного излучения _92387208 _3RU\NLR\auth\661423883 |
|
| 606 | 1 |
_aЛазеры _xПрименение в животноводстве _9997116 _3RU\NLR\auth\66377556 |
|
| 610 | 0 | _aСельское и лесное хозяйство. Сельскохозяйственные и лесохозяйственные науки -- Ветеринария -- Общая терапия -- Другие методы лечения животных | |
| 610 | 0 | _aСельское и лесное хозяйство. Сельскохозяйственные и лесохозяйственные науки -- Специальное животноводство -- Крупный рогатый скот -- Биофизика -- Действие света | |
| 610 | 0 | _aлазеротерапия | |
| 686 |
_aП862.8,0 _2rubbk |
||
| 686 |
_aП60-271.23,0 _2rubbk |
||
| 686 | _aП60-271.25 | ||
| 686 | _aП866.1 | ||
| 700 | 1 |
_aВяйзенен _bГ. Н. _gГеннадий Николаевич _4070 |
|
| 701 | 1 |
_aВяйзенен _bГ. А. _gГалина Александровна _4070 |
|
| 701 | 1 |
_4070 _7ca _8rus _aФедотов _bА. А. _cканд. с.-х. наук _f1961- _gАнатолий Александрович _933990 _3RU\NLR\auth\7751056 |
|
| 712 | 0 | 2 |
_4570 _aНовгородский государственный университет им. Ярослава Мудрого _9373214 _3RU\NLR\AUTH\889939168 |
| 801 | 0 |
_aRU _bRuMoRKP _c20050216 _grcr |
|
| 801 | 1 |
_aRU _bRuMoRGB _c20050216 |
|
| 801 | 2 |
_aRU _bNLR _c20050607 _gPSBO |
|
| 830 | _aавт. по кн. | ||
| 942 | _cBOOK | ||
| 980 | _aNB | ||
| 980 | _aNBR | ||